000 00239nam a2200109Ia 4500
008 190216s9999||||xx |||||||||||||| ||und||
100 _aI M F
245 0 _aInternational Capital Market
260 _bI M F
650 _aCommerce
942 _cBK
999 _c4952
_d4952